Allgemeine und innere Verwaltung : Einfacher Dienst /

Hlavní autor: Schneider, Richard
Další autoři: Eggerdinger, Max, Ullrich, Alwin
Jazyk: Němčina
Vydáno: Berlin : Verlag Beamtenpresse, 1939
Edice: Laufbahnen der deutschen Beamten
Fyzický popis: 64 stran, 6 stran obrazových příloh : ilustrace ; 21 cm
Language note: Tištěno švabachem
Knihy
Uloženo v:
LEADER 01119nam a22003017i 4500
001 001938954
003 CZ BrMZK
005 20250617085456.0
007 ta
008 250617s1939 gw af er|||||||||||ger d
040 |a BOA001  |b cze  |e rda 
100 1 |a Schneider, Richard  |4 aut 
245 1 0 |a Allgemeine und innere Verwaltung :  |b Einfacher Dienst /  |c erläutert von Richard Schneider ; unter mitwirkung von Max Eggerdinger, Alwin Ullrich 
264 1 |a Berlin :  |b Verlag Beamtenpresse,  |c 1939 
300 |a 64 stran, 6 stran obrazových příloh :  |b ilustrace ;  |c 21 cm 
336 |a text  |b txt  |2 rdacontent 
337 |a bez média  |b n  |2 rdamedia 
338 |a svazek  |b nc  |2 rdacarrier 
490 1 |a Die Laufbahnen der deutschen Beamten ;  |v Band 2, Reihe B, Heft 1 
500 |a Obsahuje rejstřík 
546 |a Tištěno švabachem 
700 1 |a Eggerdinger, Max  |4 edt 
700 1 |a Ullrich, Alwin  |4 edt 
830 0 |a Laufbahnen der deutschen Beamten 
910 |a BOA001  |b 2-0162.646,2,B/1 
990 |a BK 
991 |b 202506 
996 7 |b 2618795960  |c 2-0162.646,2 B/1  |l MZK  |r Sklad / do 24 hodin  |n 0  |w 002041125  |u 000010  |a 1  |e BOA001  |j MZK50  |s A